| 000 | 00668cab a2200217 4500 | ||
|---|---|---|---|
| 001 | WB3036-10 | ||
| 008 | 090401t1994 xxu||||| |||| 00| 0 eng d | ||
| 035 | _a(Sirsi) u58094 | ||
| 041 | _aeng | ||
| 245 | _aTrencherwood | ||
| 260 | _c1994 | ||
| 350 | _a0 | ||
| 490 |
_aTimes _v24 September 1994, 25(2) |
||
| 520 | _aAn interview with John Norgate and Richard Brook of Trencherwood, the property company which restructured last year and is now making a profit after three years of heavy loss. | ||
| 650 | _aPROFILES | ||
| 650 | _aPROPERTY COMPANIES | ||
| 650 | _aTRENCHERWOOD | ||
| 690 | _aPROPERTY-COMMERCIAL PROPERTY | ||
| 942 | _n0 | ||
| 948 | _c04/03/1997 | ||
| 999 |
_c35442 _d35442 |
||